Word Ladder: A Vegan Thanksgiving Quiz Stats

 Plays Quiz Updated Nov 20, 2017

Challenge
Share
Tweet
Embed
Score 0/30 Timer 03:00
4 Plays Today
Clue 3-Letter Word % Correct
❖ Digit on the foot ❖❖TOE❖
98.2%
❖ Vegan's avoid this kind of coat ❖❖FUR❖
98.1%
An enemyFOE
97.9%
People ___ the Ethical Treatment of AnimalsFOR
96.5%
That femaleHER
96.3%
❖ Door unlocker ❖❖KEY❖
95.7%
Sleeping localeBED
95.7%
Best picture winner, 'Ben-___'HUR
95.4%
UncookedRAW
95%
Not laterNOW
95%
❖ 24 hours ❖❖DAY❖
93.9%
An action on eBayBID
93.7%
Outkast's '___ Ya'HEY
93.6%
Jerry's partner; they make a vegan almond milk ice creamBEN
93.3%
Add color to fabricDYE
91.9%
Clue 3-Letter Word % Correct
An electrically charged atomION
91%
Sunshine delivery systemRAY
90.5%
A quarrel in the UKROW
90.2%
74-time Jeopardy Champ JenningsKEN
90%
❖ French vegan's reply to an offering of beef ❖❖NON❖
89.8%
A place to stay for the nightINN
88.1%
Bread with caraway seedsRYE
88%
AssistanceAID
87.7%
❖ Additionally ❖❖AND❖
85.2%
Bladder fluidPEE
84.5%
❖ Boston Cream, e.g. ❖❖PIE❖
79.2%
Arrested Development's 'Her?'ANN
79%
❖ German philosopher Paul ❖❖RÉE❖
77.3%
Actress Susan of 'L.A. Law'DEY
72.6%
Singer Snider of Twisted SisterDEE
71.5%

Today's Daily Dose

Missing Word
Animated TV Series

Word Ladder
Boston

Quick Pick
'H' Literature

On This Day
August 16th II

You're not logged in!

Compare scores with friends on all Sporcle quizzes.
Join for Free
OR
Log In

You Might Also Like...

Show Comments

Extras

Top Quizzes Today


Score Distribution

Your Account Isn't Verified!

In order to create a playlist on Sporcle, you need to verify the email address you used during registration. Go to your Sporcle Settings to finish the process.

Report this User

Report this user for behavior that violates our Community Guidelines.

Details: